| 000 | 00879nam a2200265 i 4500 | ||
|---|---|---|---|
| 001 | 12584 | ||
| 003 | ES-MaACL | ||
| 005 | 20240125063126.0 | ||
| 007 | t| | ||
| 008 | 960730s1996 sp ||||0| spa | ||
| 020 | _a84-08-01672-5 | ||
| 080 | _a821.111(415)-31"19" | ||
| 100 | 1 |
_aJoyce, James, _d1882-1941 _967077 |
|
| 245 | 1 | 0 |
_aUlises / _cJames Joyce ; traducción de J. Salas Subirat ; revisión y notas de Eduardo Chamorro ; cronología y bibliografía de Carlos Lagarriga. |
| 250 | _a1ª ed. | ||
| 260 |
_aBarcelona : _bPlaneta, _c1996. |
||
| 300 |
_aXX, 934 p ; _c24 cm. |
||
| 490 | 1 | _aClásicos universales Planeta | |
| 700 | 1 |
_aSalas Subirat, J. _9101776 |
|
| 700 | 1 |
_aChamorro, Eduardo. _937886 |
|
| 700 | 1 |
_aLagarriga, Carlos. _969560 |
|
| 830 | 1 |
_aClásicos universales Planeta _9178015 |
|
| 852 | 4 |
_aES-MaACL _jL-19846 |
|
| 999 |
_c12584 _d12584 |
||